[Event "Pereyra Puebla Memorial 05th"]
[Site "Mendoza"]
[Date "2005.12.17"]
[Round "3"]
[White "Herrera, Martin"]
[Black "Cubas, Jose Fernando"]
[Result "0-1"]
[WhiteElo "2197"]
[BlackElo "2443"]
[PlyCount "83"]
[EventDate "2005.12.16"]
[EventType "swiss"]
[EventRounds "9"]
[EventCountry "ARG"]
[SourceTitle "CBM 109 Extra"]
[Source "ChessBase"]
[SourceDate "2006.01.03"]
[SourceVersion "2"]
[SourceVersionDate "2006.01.03"]
[SourceQuality "1"]

1. e4 e6 2. d4 d5 3. Nc3 Nf6 4. e5 Nfd7 5. f4 c5 6. Nf3 Nc6 7. Be3 a6 8. Qd2 b5
9. dxc5 Bxc5 10. Bxc5 Nxc5 11. Qf2 Qb6 12. Bd3 b4 13. Ne2 a5 14. O-O Ba6 15.
Kh1 Ne7 16. g4 Na4 17. Qxb6 Nxb6 18. Ned4 Nc4 19. Rae1 Nxb2 20. Bb5+ Bxb5 21.
Nxb5 O-O 22. Nfd4 Rac8 23. f5 exf5 24. gxf5 Nc6 25. Rg1 Nxd4 26. Nxd4 Rc4 27.
Rg4 h5 28. Rh4 Re8 29. Re2 Nd1 30. f6 g6 31. Nf3 Rxh4 32. Nxh4 Nc3 33. Re1 Ne4
34. Nf3 g5 35. h3 g4 36. hxg4 hxg4 37. Rg1 Kh7 38. Nh2 Rxe5 39. Nxg4 Rg5 40.
Kh2 a4 41. Rg2 d4 42. Kh3 0-1

[Event "Pereyra Puebla Memorial 05th"]
[Site "Mendoza"]
[Date "2005.12.18"]
[Round "4"]
[White "Cubas, Jose Fernando"]
[Black "Rosito, Jorge"]
[Result "1/2-1/2"]
[WhiteElo "2443"]
[BlackElo "2416"]
[PlyCount "27"]
[EventDate "2005.12.16"]
[EventType "swiss"]
[EventRounds "9"]
[EventCountry "ARG"]
[SourceTitle "CBM 109 Extra"]
[Source "ChessBase"]
[SourceDate "2006.01.03"]
[SourceVersion "2"]
[SourceVersionDate "2006.01.03"]
[SourceQuality "1"]

1. e4 e5 2. Nf3 Nc6 3. Bc4 Nf6 4. d3 Be7 5. O-O O-O 6. Re1 d6 7. a4 Na5 8. Ba2
c5 9. Nc3 Nc6 10. Bg5 Be6 11. Bc4 Qd7 12. Nd2 h6 13. Bxf6 Bxf6 14. Nd5 1/2-1/2

[Event "Pereyra Puebla Memorial 05th"]
[Site "Mendoza"]
[Date "2005.12.19"]
[Round "6"]
[White "Cubas, Jose Fernando"]
[Black "Hellsten, Johan"]
[Result "1-0"]
[WhiteElo "2443"]
[BlackElo "2574"]
[PlyCount "55"]
[EventDate "2005.12.16"]
[EventType "swiss"]
[EventRounds "9"]
[EventCountry "ARG"]
[SourceTitle "CBM 109 Extra"]
[Source "ChessBase"]
[SourceDate "2006.01.03"]
[SourceVersion "2"]
[SourceVersionDate "2006.01.03"]
[SourceQuality "1"]

1. e4 c5 2. Nf3 e6 3. d4 cxd4 4. Nxd4 a6 5. Nc3 Qc7 6. Bd3 Nf6 7. O-O Bc5 8.
Nb3 Be7 9. Be3 b5 10. f4 h5 11. h3 Bb7 12. e5 Nd5 13. Nxd5 Bxd5 14. Be2 h4 15.
Bf3 Bxf3 16. Qxf3 Nc6 17. Rac1 O-O 18. c4 b4 19. g4 hxg3 20. Qxg3 f6 21. Rc2
fxe5 22. Rg2 Bf6 23. f5 exf5 24. Rxf5 d6 25. Nd2 Nd4 26. Bxd4 exd4 27. Qf3 Qe7
28. Qd5+ 1-0

[Event "Pereyra Puebla Memorial 05th"]
[Site "Mendoza"]
[Date "2005.12.20"]
[Round "7"]
[White "Giaccio, Alfredo Gustavo"]
[Black "Cubas, Jose Fernando"]
[Result "1-0"]
[WhiteElo "2468"]
[BlackElo "2443"]
[PlyCount "59"]
[EventDate "2005.12.16"]
[EventType "swiss"]
[EventRounds "9"]
[EventCountry "ARG"]
[SourceTitle "CBM 109 Extra"]
[Source "ChessBase"]
[SourceDate "2006.01.03"]
[SourceVersion "2"]
[SourceVersionDate "2006.01.03"]
[SourceQuality "1"]

1. e4 e6 2. d4 d5 3. Nc3 Nf6 4. e5 Nfd7 5. Nf3 b6 6. Bg5 Be7 7. h4 Ba6 8. Nb5
h6 9. Bxe7 Kxe7 10. Rh3 Bxb5 11. Bxb5 a6 12. Bd3 c5 13. c3 Nc6 14. Qd2 b5 15.
h5 Qb6 16. Rg3 Rag8 17. a3 a5 18. Qf4 c4 19. Bc2 Qd8 20. Kd2 Qf8 21. Nh4 Kd8
22. Re1 Ne7 23. Rf3 g5 24. hxg6 fxg6 25. Qg4 Nf5 26. Nxg6 Kc8 27. Bxf5 exf5 28.
Rxf5 Qe8 29. e6 Nc5 30. Rf7 1-0

[Event "Pereyra Puebla Memorial 05th"]
[Site "Mendoza"]
[Date "2005.12.21"]
[Round "8"]
[White "Cubas, Jose Fernando"]
[Black "Liascovich, Lucas Agustin"]
[Result "1/2-1/2"]
[WhiteElo "2443"]
[BlackElo "2424"]
[PlyCount "62"]
[EventDate "2005.12.16"]
[EventType "swiss"]
[EventRounds "9"]
[EventCountry "ARG"]
[SourceTitle "CBM 109 Extra"]
[Source "ChessBase"]
[SourceDate "2006.01.03"]
[SourceVersion "2"]
[SourceVersionDate "2006.01.03"]
[SourceQuality "1"]

1. e4 e5 2. Nf3 Nc6 3. Bc4 Bc5 4. c3 Nf6 5. d3 a6 6. Bb3 O-O 7. Qe2 d5 8. Bg5
d4 9. O-O h6 10. Bxf6 Qxf6 11. h3 Rd8 12. Nbd2 Ne7 13. cxd4 Bxd4 14. Nxd4 Rxd4
15. Qf3 Be6 16. Qxf6 gxf6 17. Bc2 Nc6 18. a3 Rd6 19. f4 Nd4 20. Bd1 Rb6 21. b4
Rc6 22. Nf3 Rd8 23. fxe5 Nxf3+ 24. Bxf3 fxe5 25. Be2 Rc2 26. Rfe1 c5 27. bxc5
Rxc5 28. Reb1 b5 29. a4 Rd4 30. axb5 Rxb5 31. Rc1 a5 1/2-1/2

[Event "Marianske Lazne op"]
[Site "Marianske Lazne"]
[Date "2006.01.22"]
[Round "2"]
[White "Cubas Pons, Juan Miguel"]
[Black "Sturz, Ota"]
[Result "1/2-1/2"]
[WhiteElo "2233"]
[BlackElo "2063"]
[PlyCount "80"]
[EventDate "2006.01.21"]
[EventType "swiss"]
[EventRounds "9"]
[EventCountry "CZE"]
[SourceTitle "CBM 110 Extra"]
[Source "ChessBase"]
[SourceDate "2006.03.10"]
[SourceVersion "2"]
[SourceVersionDate "2006.03.10"]
[SourceQuality "1"]

1. d4 b5 2. e4 Bb7 3. d5 Nf6 4. f3 a6 5. c4 e6 6. e5 Nh5 7. Be3 Bb4+ 8. Nc3
exd5 9. cxd5 Qe7 10. f4 Nf6 11. exf6 Qxe3+ 12. Qe2 Qxe2+ 13. Ngxe2 Bxd5 14.
O-O-O Bb7 15. fxg7 Rg8 16. Nd5 Bxd5 17. Rxd5 Nc6 18. Ng3 Rxg7 19. Nh5 Rg6 20.
Bd3 Rxg2 21. Be4 Rf2 22. Nf6+ Ke7 23. Rxd7+ Kxf6 24. Bxc6 Re8 25. Rxc7 Ree2 26.
Bd5 Bd2+ 27. Kb1 Bxf4 28. Rxf7+ Ke5 29. Bb3 Rxb2+ 30. Ka1 Bxh2 31. Rxh7 Kd4 32.
Rf7 Rxf7 33. Kxb2 Rf2+ 34. Bc2 Kc4 35. Re1 Bd6 36. Re4+ Kd5 37. Re3 Bc5 38.
Rd3+ Bd4+ 39. Kc1 Kc4 40. Ra3 b4 1/2-1/2

[Event "Marianske Lazne op"]
[Site "Marianske Lazne"]
[Date "2006.01.24"]
[Round "4"]
[White "Cubas Pons, Juan Miguel"]
[Black "Husak, Antonin"]
[Result "1-0"]
[WhiteElo "2233"]
[BlackElo "2045"]
[PlyCount "54"]
[EventDate "2006.01.21"]
[EventType "swiss"]
[EventRounds "9"]
[EventCountry "CZE"]
[SourceTitle "CBM 110 Extra"]
[Source "ChessBase"]
[SourceDate "2006.03.10"]
[SourceVersion "2"]
[SourceVersionDate "2006.03.10"]
[SourceQuality "1"]

1. e4 c5 2. Nf3 Nc6 3. Bb5 d5 4. exd5 Qxd5 5. Nc3 Qe6+ 6. Ne2 a6 7. Bxc6+ Qxc6
8. O-O Bg4 9. Ne5 Qe6 10. f3 Qxe5 11. fxg4 e6 12. d4 cxd4 13. Bf4 Qd5 14. Qd3
Rd8 15. Kh1 Nf6 16. g5 Ne4 17. Rad1 Bc5 18. Bc7 Rd7 19. Nf4 Qc6 20. Be5 f6 21.
gxf6 gxf6 22. Nh5 fxe5 23. Rde1 Nd6 24. Nf6+ Kd8 25. Nxd7 Kxd7 26. Rxe5 Nf5 27.
Rfxf5 exf5 1-0

[Event "Marianske Lazne op"]
[Site "Marianske Lazne"]
[Date "2006.01.24"]
[Round "5"]
[White "Snorek, Milan"]
[Black "Cubas Pons, Juan Miguel"]
[Result "1-0"]
[WhiteElo "2129"]
[BlackElo "2233"]
[PlyCount "51"]
[EventDate "2006.01.21"]
[EventType "swiss"]
[EventRounds "9"]
[EventCountry "CZE"]
[SourceTitle "CBM 110 Extra"]
[Source "ChessBase"]
[SourceDate "2006.03.10"]
[SourceVersion "2"]
[SourceVersionDate "2006.03.10"]
[SourceQuality "1"]

1. d4 d5 2. Nf3 c6 3. c4 e6 4. Nc3 dxc4 5. a4 Bb4 6. e4 b5 7. Bg5 Ne7 8. Be2
Bb7 9. O-O a6 10. Qc2 Qc7 11. b3 c5 12. dxc5 f6 13. Be3 Bxc3 14. Qxc3 Bxe4 15.
axb5 axb5 16. bxc4 Rxa1 17. Rxa1 bxc4 18. Qxc4 Bd5 19. Qa4+ Kf7 20. Rc1 Nd7 21.
Nd4 e5 22. Nb5 Qc6 23. Nd6+ Ke6 24. Qg4+ f5 25. Qxg7 Rf8 26. Bh5 1-0

[Event "Marianske Lazne op"]
[Site "Marianske Lazne"]
[Date "2006.01.25"]
[Round "6"]
[White "Cubas Pons, Juan Miguel"]
[Black "Mucha, Marcin"]
[Result "1/2-1/2"]
[WhiteElo "2233"]
[BlackElo "2043"]
[PlyCount "33"]
[EventDate "2006.01.21"]
[EventType "swiss"]
[EventRounds "9"]
[EventCountry "CZE"]
[SourceTitle "CBM 110 Extra"]
[Source "ChessBase"]
[SourceDate "2006.03.10"]
[SourceVersion "2"]
[SourceVersionDate "2006.03.10"]
[SourceQuality "1"]

1. e4 e6 2. d4 d5 3. Nc3 Nf6 4. e5 Nfd7 5. f4 c5 6. Nf3 Nc6 7. Be3 a6 8. Be2
cxd4 9. Nxd4 Bc5 10. Qd2 O-O 11. O-O-O Nxd4 12. Bxd4 Qc7 13. Rhe1 b5 14. Bf3 b4
15. Na4 Bxd4 16. Qxd4 a5 17. f5 1/2-1/2

[Event "Marianske Lazne op"]
[Site "Marianske Lazne"]
[Date "2006.01.27"]
[Round "8"]
[White "List, Andre"]
[Black "Cubas Pons, Juan Miguel"]
[Result "0-1"]
[WhiteElo "2072"]
[BlackElo "2233"]
[PlyCount "36"]
[EventDate "2006.01.21"]
[EventType "swiss"]
[EventRounds "9"]
[EventCountry "CZE"]
[SourceTitle "CBM 110 Extra"]
[Source "ChessBase"]
[SourceDate "2006.03.10"]
[SourceVersion "2"]
[SourceVersionDate "2006.03.10"]
[SourceQuality "1"]

1. d4 d5 2. c4 e6 3. Nc3 c6 4. e3 Nf6 5. Nf3 Nbd7 6. Qc2 Be7 7. Bd3 dxc4 8.
Bxc4 b5 9. Bd3 Bb7 10. e4 b4 11. Nb1 c5 12. Nbd2 cxd4 13. Nxd4 O-O 14. f4 Rc8
15. Qb1 Nc5 16. e5 Qxd4 17. exf6 Nxd3+ 18. Ke2 Nxc1+ 0-1

[Event "Marianske Lazne op"]
[Site "Marianske Lazne"]
[Date "2006.01.28"]
[Round "9"]
[White "Cubas Pons, Juan Miguel"]
[Black "Christensen, Henrik1"]
[Result "1-0"]
[WhiteElo "2233"]
[BlackElo "1974"]
[PlyCount "20"]
[EventDate "2006.01.21"]
[EventType "swiss"]
[EventRounds "9"]
[EventCountry "CZE"]
[SourceTitle "CBM 110 Extra"]
[Source "ChessBase"]
[SourceDate "2006.03.10"]
[SourceVersion "2"]
[SourceVersionDate "2006.03.10"]
[SourceQuality "1"]

1. e4 d5 2. exd5 Qxd5 3. Nc3 Qa5 4. Bc4 Nf6 5. d3 c6 6. Qe2 Bf5 7. Nf3 e6 8.
Nd4 Bb4 9. Bd2 Nbd7 10. a3 Bg6 1-0

[Event "Torre Blanca"]
[Site "Buenos Aires"]
[Date "2006.02.19"]
[Round "2"]
[White "Lafuente, Pablo"]
[Black "Cubas, Jose Fernando"]
[Result "1-0"]
[WhiteElo "2408"]
[BlackElo "2428"]
[PlyCount "59"]
[EventDate "2006.02.18"]
[EventType "tourn"]
[EventRounds "9"]
[EventCountry "ARG"]
[EventCategory "3"]
[SourceTitle "CBM 111 Extra"]
[Source "ChessBase"]
[SourceDate "2006.05.09"]
[SourceVersion "1"]
[SourceVersionDate "2006.05.09"]
[SourceQuality "1"]

1. d4 d5 2. c4 Nc6 3. Nc3 e5 4. cxd5 Nxd4 5. e3 Nf5 6. Nf3 Bd6 7. e4 Nfe7 8.
Bb5+ Bd7 9. Qb3 Rb8 10. Bxd7+ Qxd7 11. Be3 Nf6 12. Bxa7 Ra8 13. Be3 Qg4 14. h3
Qxg2 15. Ke2 Nh5 16. Nh4 Ng3+ 17. Kd3 Qxh1 18. Rxh1 Nxh1 19. Qd1 Nxf2+ 20. Bxf2
O-O 21. Qg4 b5 22. a3 b4 23. axb4 Bxb4 24. Nf5 Ng6 25. Be3 Rfb8 26. h4 h5 27.
Qxh5 Bc5 28. Bc1 Rxb2 29. Qg4 Rb3 30. Kc2 1-0

[Event "Torre Blanca"]
[Site "Buenos Aires"]
[Date "2006.02.19"]
[Round "3"]
[White "Cubas, Jose Fernando"]
[Black "Pedro, Fernando Pablo"]
[Result "1-0"]
[WhiteElo "2428"]
[BlackElo "2173"]
[PlyCount "75"]
[EventDate "2006.02.18"]
[EventType "tourn"]
[EventRounds "9"]
[EventCountry "ARG"]
[EventCategory "3"]
[SourceTitle "CBM 111 Extra"]
[Source "ChessBase"]
[SourceDate "2006.05.09"]
[SourceVersion "1"]
[SourceVersionDate "2006.05.09"]
[SourceQuality "1"]

1. e4 c6 2. d4 d5 3. e5 Bf5 4. Be3 e6 5. Nd2 Nd7 6. Ne2 h5 7. Nf4 h4 8. Be2 Qc7
9. O-O Be7 10. g4 hxg3 11. fxg3 O-O-O 12. g4 g5 13. gxf5 gxf4 14. Bxf4 Nh6 15.
f6 Rdg8+ 16. Kh1 Bf8 17. Bh5 Nb8 18. c4 Nf5 19. Rc1 Bh6 20. cxd5 Bxf4 21. Rxf4
Ne3 22. Qf3 Nxd5 23. Rg4 Rxg4 24. Qxg4 Ne3 25. Qg5 Qa5 26. Ne4 Qd5 27. Bf3 Qxd4
28. Nd6+ Kd7 29. Qg7 Rxh2+ 30. Kxh2 Qxe5+ 31. Kh1 Qxb2 32. Qxf7+ Kxd6 33. Qe7+
Ke5 34. Rg1 Qf2 35. Qc7+ Kf5 36. Qh7+ Kxf6 37. Qg7+ Kf5 38. Qg5# 1-0

[Event "Torre Blanca"]
[Site "Buenos Aires"]
[Date "2006.02.20"]
[Round "4"]
[White "Albarran, Gustavo Eduardo"]
[Black "Cubas, Jose Fernando"]
[Result "0-1"]
[WhiteElo "2241"]
[BlackElo "2428"]
[PlyCount "84"]
[EventDate "2006.02.18"]
[EventType "tourn"]
[EventRounds "9"]
[EventCountry "ARG"]
[EventCategory "3"]
[SourceTitle "CBM 111 Extra"]
[Source "ChessBase"]
[SourceDate "2006.05.09"]
[SourceVersion "1"]
[SourceVersionDate "2006.05.09"]
[SourceQuality "1"]

1. d4 d6 2. e4 g6 3. Nf3 Bg7 4. h3 Nd7 5. Bd3 e5 6. c3 Ne7 7. Bg5 h6 8. Bh4 O-O
9. g4 Qe8 10. Qe2 exd4 11. Nxd4 a6 12. Nd2 c5 13. N4f3 b5 14. Rc1 c4 15. Bc2 d5
16. e5 Nc6 17. O-O Ndxe5 18. Rce1 Nxf3+ 19. Qxf3 Qd7 20. Bf6 Bb7 21. Bxg7 Kxg7
22. Qf4 Rad8 23. Nf3 Qd6 24. Qxd6 Rxd6 25. Nd4 Rdd8 26. Rd1 Rfe8 27. Nxc6 Bxc6
28. Rd2 a5 29. Bd1 d4 30. cxd4 b4 31. Bc2 Rd6 32. Rc1 Red8 33. d5 Bxd5 34. Rcd1
Kf6 35. f4 Ke7 36. f5 gxf5 37. Bxf5 Be6 38. Rxd6 Rxd6 39. Rc1 Bxf5 40. gxf5 Rd2
41. a3 c3 42. bxc3 b3 0-1

[Event "Torre Blanca"]
[Site "Buenos Aires"]
[Date "2006.02.21"]
[Round "5"]
[White "Cubas, Jose Fernando"]
[Black "Converset, Juan Jose"]
[Result "1-0"]
[WhiteElo "2428"]
[BlackElo "2270"]
[PlyCount "97"]
[EventDate "2006.02.18"]
[EventType "tourn"]
[EventRounds "9"]
[EventCountry "ARG"]
[EventCategory "3"]
[SourceTitle "CBM 111 Extra"]
[Source "ChessBase"]
[SourceDate "2006.05.09"]
[SourceVersion "1"]
[SourceVersionDate "2006.05.09"]
[SourceQuality "1"]

1. e4 e6 2. d4 d5 3. e5 c5 4. c3 Nc6 5. Nf3 Bd7 6. a3 Rc8 7. b4 cxb4 8. cxb4 b5
9. Bb2 Qb6 10. Nc3 a6 11. Qd3 Nge7 12. Rd1 Rb8 13. Ba1 Qa7 14. Nd2 Nc8 15. Nb3
Nb6 16. Qg3 Ne7 17. Nc5 Bc6 18. Bb2 Nf5 19. Qh3 h5 20. g4 Ne7 21. Bd3 g6 22. f3
Bh6 23. Bc1 hxg4 24. Qxg4 Bxc1 25. Rxc1 Nc4 26. Ke2 Nf5 27. Bxf5 exf5 28. Qg5
Qe7 29. Qf6 Qxf6 30. exf6 Rb6 31. Kf2 O-O 32. h4 Rd8 33. h5 Ba8 34. hxg6 fxg6
35. Rh6 Rxf6 36. Rch1 Rfd6 37. Ne6 Rxe6 38. Rh8+ Kg7 39. R1h7+ Kf6 40. Rxd8 Re3
41. Rxa8 Rxc3 42. f4 Rxa3 43. Rc8 Ra2+ 44. Ke1 Ra1+ 45. Ke2 Ra2+ 46. Kd1 Nd6
47. Rc6 Ke6 48. Rb7 a5 49. Rbb6 1-0

[Event "Torre Blanca"]
[Site "Buenos Aires"]
[Date "2006.02.22"]
[Round "6"]
[White "Roselli Mailhe, Bernardo"]
[Black "Cubas, Jose Fernando"]
[Result "1-0"]
[WhiteElo "2401"]
[BlackElo "2428"]
[PlyCount "124"]
[EventDate "2006.02.18"]
[EventType "tourn"]
[EventRounds "9"]
[EventCountry "ARG"]
[EventCategory "3"]
[SourceTitle "CBM 111 Extra"]
[Source "ChessBase"]
[SourceDate "2006.05.09"]
[SourceVersion "1"]
[SourceVersionDate "2006.05.09"]
[SourceQuality "1"]

1. d4 d5 2. c4 c6 3. cxd5 cxd5 4. Nc3 Nc6 5. Bf4 Nf6 6. e3 Bf5 7. Qb3 Na5 8.
Qa4+ Bd7 9. Qc2 Rc8 10. Bd3 g6 11. Nf3 Bg7 12. O-O O-O 13. Qe2 Bg4 14. h3 Bxf3
15. Qxf3 Nc4 16. Qe2 Qa5 17. Rfc1 b5 18. Nxb5 Qxb5 19. b3 Qa5 20. bxc4 dxc4 21.
Bxc4 Nd5 22. Bxd5 Qxd5 23. Qa6 Qd7 24. Rab1 h5 25. Rxc8 Rxc8 26. Qxc8+ Qxc8 27.
Rb8 Qxb8 28. Bxb8 a6 29. Kf1 Kf8 30. Ke2 Ke8 31. Kd3 Kd7 32. Kc4 Kc6 33. Be5
Bxe5 34. dxe5 e6 35. h4 Kb6 36. Kb4 a5+ 37. Kc4 Kc6 38. f3 Kb6 39. g4 Kc6 40.
gxh5 gxh5 41. a4 Kb6 42. Kd4 Kc6 43. Ke4 Kb6 44. f4 Kc6 45. Kd4 Kb6 46. e4 Kc6
47. f5 Kb6 48. Ke3 Kc5 49. Kf4 Kb4 50. Kg5 Kxa4 51. Kf6 Kb4 52. Kxf7 a4 53.
fxe6 a3 54. e7 a2 55. e8=Q a1=Q 56. Qd7 Qe1 57. Qd6+ Kc4 58. Qd5+ Kb4 59. e6
Qxh4 60. e7 Qf4+ 61. Qf5 Qc7 62. Qxh5 Ka3 1-0

[Event "Torre Blanca"]
[Site "Buenos Aires"]
[Date "2006.02.22"]
[Round "7"]
[White "Cubas, Jose Fernando"]
[Black "Dos Santos, Ramiro"]
[Result "1-0"]
[WhiteElo "2428"]
[BlackElo "2376"]
[PlyCount "39"]
[EventDate "2006.02.18"]
[EventType "tourn"]
[EventRounds "9"]
[EventCountry "ARG"]
[EventCategory "3"]
[SourceTitle "CBM 111 Extra"]
[Source "ChessBase"]
[SourceDate "2006.05.09"]
[SourceVersion "1"]
[SourceVersionDate "2006.05.09"]
[SourceQuality "1"]

1. e4 e5 2. Nf3 Nc6 3. Bc4 Nf6 4. d3 h6 5. h3 g6 6. Nc3 Bg7 7. Be3 Na5 8. Bxf7+
Kxf7 9. Nxe5+ Kg8 10. Nxg6 Rh7 11. e5 Qe8 12. exf6 Qxg6 13. fxg7 Qxg2 14. Qh5
Rxg7 15. Ne4 Rg6 16. O-O-O Nc6 17. Nf6+ Kg7 18. Ng4 Qf3 19. Rhg1 Ne7 20. Qe5+
1-0

[Event "Torre Blanca"]
[Site "Buenos Aires"]
[Date "2006.02.23"]
[Round "8"]
[White "Guerrero, Alvaro"]
[Black "Cubas, Jose Fernando"]
[Result "0-1"]
[WhiteElo "2179"]
[BlackElo "2428"]
[PlyCount "46"]
[EventDate "2006.02.18"]
[EventType "tourn"]
[EventRounds "9"]
[EventCountry "ARG"]
[EventCategory "3"]
[SourceTitle "CBM 111 Extra"]
[Source "ChessBase"]
[SourceDate "2006.05.09"]
[SourceVersion "1"]
[SourceVersionDate "2006.05.09"]
[SourceQuality "1"]

1. d4 d5 2. c4 Nc6 3. Nf3 Bg4 4. cxd5 Bxf3 5. dxc6 Bxc6 6. Nc3 Nf6 7. Bf4 Nd5
8. Bg3 h5 9. h3 h4 10. Bh2 e6 11. e3 Bb4 12. Qc2 Qg5 13. O-O-O Nxc3 14. bxc3
Ba3+ 15. Kb1 Qa5 16. Qb3 Rc8 17. Rd2 b5 18. Bd3 O-O 19. Ka1 Bd5 20. Qc2 c5 21.
e4 Ba8 22. d5 c4 23. Be2 f6 0-1

[Event "Torre Blanca"]
[Site "Buenos Aires"]
[Date "2006.02.24"]
[Round "9"]
[White "Cubas, Jose Fernando"]
[Black "Mazziotti Irigoyen, Gabriel"]
[Result "1-0"]
[WhiteElo "2428"]
[BlackElo "2311"]
[PlyCount "115"]
[EventDate "2006.02.18"]
[EventType "tourn"]
[EventRounds "9"]
[EventCountry "ARG"]
[EventCategory "3"]
[SourceTitle "CBM 111 Extra"]
[Source "ChessBase"]
[SourceDate "2006.05.09"]
[SourceVersion "1"]
[SourceVersionDate "2006.05.09"]
[SourceQuality "1"]

1. e4 e5 2. Nf3 Nc6 3. Bc4 Nf6 4. d3 Be7 5. O-O O-O 6. Re1 d6 7. a4 Na5 8. Ba2
c5 9. Bg5 Be6 10. Nc3 Nc6 11. Bxf6 Bxf6 12. Nd5 g6 13. c3 Bg7 14. h3 Qd7 15.
Rb1 h6 16. b4 Kh7 17. b5 Ne7 18. d4 Bxd5 19. exd5 exd4 20. cxd4 Nf5 21. dxc5
dxc5 22. Ne5 Qd6 23. Nc4 Qf4 24. Qg4 Qc7 25. d6 Nxd6 26. Qf4 Ne8 27. Qxc7 Nxc7
28. Rbd1 Bd4 29. Nd6 Ne6 30. Nxb7 a6 31. b6 Rab8 32. Bd5 a5 33. Rb1 Nf4 34. Bf3
Nd3 35. Re7 Bxf2+ 36. Kf1 Bh4 37. Re3 Nb4 38. Nxc5 Rxb6 39. Nd7 Rfb8 40. Nxb6
Rxb6 41. Re5 Ra6 42. Rd1 Ra7 43. Rb5 Nc2 44. Kg1 Kg7 45. Rb7 Rxb7 46. Bxb7 Nb4
47. Rd7 Kf6 48. Kf1 Ke6 49. Bc8 Kf6 50. Ra7 Ke5 51. Rxa5+ Kf4 52. Rb5 Nc2 53.
a5 Bf6 54. a6 Ne3+ 55. Ke2 Bd4 56. Rb4 Nc2 57. Ra4 Ke5 58. Rc4 1-0

[Event "Sao Jose do Rio Preto 05th"]
[Site "Sao Jose de Rio Preto"]
[Date "2006.03.??"]
[Round "1"]
[White "Quiroga, Facundo"]
[Black "Cubas, Jose Fernando"]
[Result "1-0"]
[WhiteElo "2301"]
[BlackElo "2428"]
[PlyCount "61"]
[EventDate "2006.03.??"]
[EventType "tourn"]
[EventRounds "11"]
[EventCountry "BRA"]
[SourceTitle "EXT 2007"]
[Source "ChessBase"]
[SourceDate "2006.11.23"]
[SourceVersion "1"]
[SourceVersionDate "2006.11.23"]
[SourceQuality "1"]

1. d4 d5 2. c4 c6 3. Nf3 Nf6 4. Nc3 dxc4 5. a4 Bf5 6. e3 e6 7. Bxc4 Bb4 8. O-O
Nbd7 9. Qe2 O-O 10. e4 Bg6 11. e5 Nd5 12. Bd2 Qa5 13. Rfc1 Rac8 14. Bd3 h6 15.
Bxg6 fxg6 16. Nh4 g5 17. Ng6 Rfe8 18. h4 gxh4 19. Qg4 Kh7 20. Nxh4 Nf8 21. Nf3
c5 22. dxc5 Rxc5 23. Ng5+ Kg8 24. Nge4 h5 25. Qxh5 Rcc8 26. Nxd5 Qxd5 27. Qg4
Be7 28. Bb4 Rxc1+ 29. Rxc1 Nd7 30. Bxe7 Nxe5 31. Nf6+ 1-0

[Event "Sao Jose do Rio Preto 05th"]
[Site "Sao Jose de Rio Preto"]
[Date "2006.03.??"]
[Round "2"]
[White "Cubas, Jose Fernando"]
[Black "Valiente, Cristobal"]
[Result "0-1"]
[WhiteElo "2428"]
[BlackElo "2307"]
[PlyCount "68"]
[EventDate "2006.03.??"]
[EventType "tourn"]
[EventRounds "11"]
[EventCountry "BRA"]
[SourceTitle "EXT 2007"]
[Source "ChessBase"]
[SourceDate "2006.11.23"]
[SourceVersion "1"]
[SourceVersionDate "2006.11.23"]
[SourceQuality "1"]

1. e4 e6 2. d4 d5 3. e5 c5 4. c3 Qb6 5. Nf3 Nc6 6. a3 a5 7. Bd3 Bd7 8. O-O cxd4
9. cxd4 Nxd4 10. Nxd4 Qxd4 11. Nc3 Nh6 12. Nb5 Qb6 13. Be3 Qd8 14. Rc1 Bc6 15.
Nd4 Qd7 16. Nxc6 bxc6 17. Qa4 Be7 18. Rxc6 O-O 19. Bxh6 gxh6 20. Rfc1 Rac8 21.
Bxh7+ Kg7 22. Bb1 Rxc6 23. Rxc6 Rh8 24. Qc2 Bd8 25. Rc3 Bb6 26. h4 Qd8 27. Qa4
d4 28. Rg3+ Kf8 29. b4 Rg8 30. Rf3 Qd5 31. Kh1 Rg4 32. bxa5 Rxh4+ 33. Kg1 Qxe5
34. Bd3 Bxa5 0-1

[Event "Sao Jose do Rio Preto 05th"]
[Site "Sao Jose de Rio Preto"]
[Date "2006.03.??"]
[Round "3"]
[White "Asfora, Marco Antonio Hazin"]
[Black "Cubas, Jose Fernando"]
[Result "0-1"]
[WhiteElo "2297"]
[BlackElo "2428"]
[PlyCount "65"]
[EventDate "2006.03.??"]
[EventType "tourn"]
[EventRounds "11"]
[EventCountry "BRA"]
[SourceTitle "EXT 2007"]
[Source "ChessBase"]
[SourceDate "2006.11.23"]
[SourceVersion "1"]
[SourceVersionDate "2006.11.23"]
[SourceQuality "1"]

1. d4 g6 2. e4 Bg7 3. Nc3 d6 4. Be3 Nf6 5. f3 O-O 6. Qd2 c6 7. Bh6 Nbd7 8.
O-O-O e5 9. d5 c5 10. g4 a6 11. h4 b5 12. h5 Nb6 13. Bxg7 Kxg7 14. hxg6 fxg6
15. Qh6+ Kg8 16. Rd2 Ra7 17. Nh3 b4 18. Nd1 c4 19. c3 a5 20. Ng5 Qe7 21. Rg2
Qe8 22. Be2 bxc3 23. Nxc3 Na4 24. Nxa4 Qxa4 25. Kb1 c3 26. Bd1 Qd4 27. Ne6 Bxe6
28. dxe6 a4 29. g5 Nh5 30. Rgg1 c2+ 31. Bxc2 a3 32. bxa3 Rxa3 33. Bb3 0-1

[Event "Sao Jose do Rio Preto 05th"]
[Site "Sao Jose de Rio Preto"]
[Date "2006.03.??"]
[Round "5"]
[White "Cubas, Jose Fernando"]
[Black "Stamenkovic, Dragan"]
[Result "1-0"]
[WhiteElo "2428"]
[BlackElo "2334"]
[PlyCount "47"]
[EventDate "2006.03.??"]
[EventType "tourn"]
[EventRounds "11"]
[EventCountry "BRA"]
[SourceTitle "EXT 2007"]
[Source "ChessBase"]
[SourceDate "2006.11.23"]
[SourceVersion "1"]
[SourceVersionDate "2006.11.23"]
[SourceQuality "1"]

1. e4 c5 2. Nc3 g6 3. Nf3 Bg7 4. d4 cxd4 5. Nxd4 Nc6 6. Nb3 Nf6 7. Be2 O-O 8.
O-O d6 9. Bg5 a5 10. a4 Be6 11. f4 Rc8 12. Kh1 Re8 13. Bf3 Qb6 14. Re1 Nb4 15.
f5 gxf5 16. Be3 Qa6 17. Nd4 fxe4 18. Nxe4 Nxe4 19. Nxe6 fxe6 20. Bxe4 Qc4 21.
Qg4 Nxc2 22. Bh6 Qd4 23. Qxe6+ Kh8 24. Qf5 1-0